Statistiques concernant Devinez le Pays Mystère #9

Cliquez ici pour prendre le quiz!

Statistiques générales

  • Ce quiz a été pris 1 018 fois
    (942 depuis la dernière actualisation)
  • Le résultat moyen est 8 sur 13

Statistiques - réponses

Type de RéponseRéponse% Correct
Lettre TrouvéeE
99%
Lettre Bien PlacéeE
98%
Lettre TrouvéeI
94%
Lettre TrouvéeL
81%
Lettre TrouvéeB
58%
Lettre TrouvéeE
55%
Lettre Bien PlacéeB
52%
Lettre Bien PlacéeE
42%
Lettre Bien PlacéeL
40%
Lettre TrouvéeZ
39%
Pays MystèreBelize
38%
Lettre Bien PlacéeI
38%
Lettre Bien PlacéeZ
38%

Distribution des résultats

Percentile par nombre de réponses

% des personnes avec chaque résultat

Votre développement - résultats

Vous n’avez pas pris ce quiz depuis la dernière actualisation